Championnat d'Allemagne de Football - Statistiques

Statistiques générales
  • Ce quiz a été pris 156 fois
    29 depuis la dernière actualisation
  • Le résultat moyen est 75 sur 114
Statistiques - réponses
Saison Vainqueur % Correct
1889-1990 | 1931-1932 | 1968-1969 | +32 others Bayern Munich
100%
1955-1956 | 1956-1957 | 1962-1963 | +5 others Borussia Dortmund
100%
2023-2024 Bayer Leverkusen
92%
2008-2009 VfL Wolfsburg
85%
1964-1965 | 1987-1988 | 1992-1993 | 2003-2004 Werder Brême
85%
1933-1934 | 1934-1935 | 1936-1937 | +4 others Schalke 04
77%
1949-1950 | 1951-1952 | 1983-1984 | +2 others VfB Stuttgart
69%
1942-1943 | 1943-1944 Dresdner SC
65%
1961-1962 | 1963-1964 | 1977-1978 Cologne
54%
1902-1903 | 1905-1906 | 1912-1913 VfB Leipzig
54%
1965-1966 TSV Munich
50%
1904-1905 Union 92 Berlin
50%
1969-1970 | 1970-1971 | 1974-1975 | +2 others Mönchengladbach
46%
1929-1930 | 1930-1931 Hertha Berlin
42%
1919-1920 | 1920-1921 | 1923-1924 | +6 others FC Nuremberg
35%
1932-1933 Düsseldorf
31%
1950-1951 | 1952-1953 FC Kaiserslautern
31%
1990-1991 | 1997-1998 Kaiserslautern
31%
1908-1909 Phönix Karlsruhe
31%
1954-1955 Rot-Weiss Essen
31%
1911-1912 Holstein Kiel
27%
1907-1908 | 1910-1911 Viktoria 89 Berlin
27%
1958-1959 Eintracht Frankfurt
23%
1922-1923 | 1927-1928 | 1978-1979 | +2 others Hambourg SV
23%
1937-1938 | 1953-1954 Hannover 96
23%
1948-1949 VfR Mannheim
19%
1906-1907 Fribourg FC
15%
1959-1960 Hamburger SV
15%
1966-1967 Eintracht Brunswick
12%
1913-1914 | 1925-1926 | 1928-1929 Greuther Fürth
12%
1909-1910 Karlsruher FV
12%
1940-1941 Rapid Vienne
12%
Aucun quiz correspondant
Distribution des résultats
% des personnes avec chaque résultat
Percentile par nombre de réponses
Votre historique - résultats
Vous n’avez pas pris ce quiz depuis la dernière actualisation